| 000 | 00000nam 2200000za 4500 |
| 001 | 9.676743 |
| 003 | CaOODSP |
| 005 | 20221107134402 |
| 007 | cr ||||||||||| |
| 008 | 150407s1997 onc|||||o f00| 0 eng d |
| 020 | |a978-0-660-67489-6 |
| 040 | |aCaOODSP|beng |
| 041 | |aeng |
| 041 | |afre |
| 043 | |an-cn--- |
| 086 | 1 |aM86-16/1997-1-PDF |
| 110 | 1 |aCanada.|bNatural Resources Canada. |bCanadian Permanent Committee on Geographical Names. |
| 245 | 10|aConcise gazetteer of Canada |h[electronic resource] = |bRépertoire toponymique concis du Canada / |cpublished for the Canadian Permanent Committee on Geographic Names by the Centre for Topographic Information, Geomatics Canada, Natural Resources Canada. |
| 250 | |a1st ed. |
| 260 | |aOttawa : |bNatural Resources Canada,|c1997. |
| 300 | |a681p.|bmaps, tables |
| 500 | |a"To make geographical names available from across the country available in one volume, and yet create a manageable edition, we have selected some 47 000 of the 350 000 names currently recognized by the Canadian Permanent Committee on Geographical Names."--Preface. |
| 500 | |a"Digitized by Publishing and Depository Services, Public Works and Government Services Canada - 2014" |
| 520 | 3 |aThis updated publication provides a complete compilation of all provincial and territorial gazetteers and lists the locations and all the approved names of populated places, lakes, rivers, mountains, provincial parks, and Native reserves in individual provinces and territories. These geographical names serve to reflect the rich culture and history of our country by illustrating the diversity of languages spoken across Canada. The Concise Gazetteer of Canada provides quick and easy-to-find information for anyone wishing to know the correct name and specific location of geographical areas in Canada, as well as detailed instructions on how to use the publication. Includes a glossary, colour map of Canada, and tables. |
| 546 | |aText in English and in French. |
| 590 | |a14-18-Supp|b2014-10-15 |
| 690 | 07|aToponymy|2gcpds |
| 776 | 0#|tRépertoire toponymique concis du Canada / |w(CaOODSP)9.659086 |
| 792 | |tGazetteer of Canada |efre|w(CaOODSP)9.676744 |
| 856 | 40|ahttp://publications.gc.ca|qPDF|s20.55 MB|uhttps://publications.gc.ca/collections/collection_2014/rncan-nrcan/M86-16-1997-1.pdf |